000 02749nam0a2200409 4500
001 RU\NLR\BIBL_A\022577174
005 20260408084719.0
010 _a978-5-00156-425-6
_bНорма
_9100
010 _a978-5-16-020799-5
_bИНФРА-М, print
035 _a(NLR Aleph) 022577174
090 _a13453528
_c13453528
100 _a20250701d2025 |||y0rusy50 ca
101 0 _arus
102 _aRU
105 _aa j 000yy
181 0 _ai
_baxxe
182 0 _an
200 1 _aИнформационные технологии в юриспруденции
_eучебник
_eпо направлениям и специальностям "Юриспруденция", "Судебная и прокурорская деятельность", "Правоохранительная деятельность", "Правовое обеспечение национальной безопасности"
_f[Архангельская Е. В., кандидат физико-математических наук, доцент, Блинкова О. В., старший преподаватель, Брянцева О. В., кандидат физико-математических наук, доцент и др.]
_gпод редакцией кандидата педагогических наук, доцента П. В. Ересько, доктора юридических наук, профессора С. Е. Чаннова
_gСаратовская государственная юридическая академия
203 _aТекст
_bвизуальный
_cнепосредственный
210 _aМосква
_cНорма
_cИНФРА-М
_d2025
215 _a434 с.
_cил., табл.
_d22
300 _aАвт. указаны на 5-й с.
300 _aНа обороте тит. с.: Электрон.-библ. система znanium
301 _aDOI 10.12737/2195291
320 _aБиблиогр.: с. 433–434 и в подстроч. примеч.
606 1 _aПраво
_jУчебники для высших учебных заведений
_xИнформационные технологии
_92121877
_3RU\NLR\AUTH\661584892
686 1 _aХ62ф.я73
701 1 _aАрхангельская
_bЕ. В.
_gЕкатерина Владиславовна
701 1 _aБлинкова О. В.
_bО. В.
701 1 _aБрянцева
_bО. В.
_gОльга Владимировна
702 1 _aЕресько
_bП. В.
_4340
712 0 2 _4570
_aСаратовская государственная юридическая академия
_3RU\NLR\AUTH\8810201934
_9292022
942 _cBOOK
980 _aNB